00355nam a2200133Ia 4500008004100000020001800041041001200059100001500071245007500086250000900161260003100170300000800201650001200209221030s9999 xx 000 0 und d a9789389991598 aEnglish aD. D. Basu 0aIntroduction to the Constitution of India 25th Editioncby D. D. Basu a25th bLexis NexisaHaryanac2021 a507 aGeneral